000 01583naa a22003377a 4500
001 BR9403421
003 BR-BrBNA
005 20240918181209.0
007 ta
008 230509b bl.||||| |||| 00| 0 por d
040 _aBR-BrBNA
_bpor
_cBiblioteca Nacional de Agricultura
041 _a(Pt)
072 _aF04
_b0230
_b3862
090 _aF04 BR9403421
100 1 _aEspironelo, A.
100 1 _aCamargo, A.P.
100 1 _aNagai, V.
100 1 _aLeps e h, I.F.
111 1 _a2. Congresso Nacional da Sociedade de Tecnicos Acucareiros do Brasil1. Simposio Latino-Americano sobre Modalidades de Financiamento a Producao de Energia Renovavel
_cRio de Janeiro, RJ (Brazil)
_d16-21 Aug 1981
245 1 _aEfeitos de nitrogenio e fosforo como complementacao da aplicacao de vinhaca em soca de cana-de-acucar
260 3 _aRio de Janeiro, RJ (Brasil):
_c1981.
500 _aAnais do 2. Congresso Nacional da Sociedade de Tecnicos Acucareiros do Brasil e do 1. Simposio Latino-Americano sobre Modalidades de Financiamento a Producao de Energia Renovavel Rio de Janeiro, RJ (Brasil): 1981. v. 1 p. 128-139 (BR9403421-AM)F04
650 _aCana de Acucar
650 _aSoca
650 _aVinhaca
650 _aAdubacao
650 _aRendimento
773 0 _tAnais do 2. Congresso Nacional da Sociedade de Tecnicos Acucareiros do Brasil e do 1. Simposio Latino-Americano sobre Modalidades de Financiamento a Producao de Energia Renovavel
_wF04 BR9403421
_gRio de Janeiro, RJ (Brasil), 1981. v. 1 p. 128-139
909 _a202404
_bLucia
_c55
_dLucia Elande
942 _cAM
_2AGRIS
999 _c324067
_d324067